000
00313nam a2200133Ia 4500
008
240624s9999 xx 000 0 und d
041
_a
eng
082
_a
823 ADI
100
_a
ADIGA ARAVIND
245
_a
WHITE TIGER
260
_c
2008
_a
New Delhi
_b
Free Press
300
_a
321 : p. : cm. ; 22
365
_c
RS
_b
20
999
_c
11793
_d
11793